[Event "17th Delhi GM Open 2019"]
[Site "Delhi"]
[Date "2019.01.12"]
[Round "6"]
[White "Nayak Rajesh"]
[Black "Shyaamnikhil P"]
[Result "0-1"]
[WhiteElo "2181"]
[BlackElo "2446"]
[Annotator "TA"]
[PlyCount "90"]
[EventDate "2019.01.09"]
[EventType "swiss"]
[EventCountry "IND"]
[SourceTitle "playchess.com"]
[Source "ChessBase"]
[SourceQuality "1"]

{[%evp 19,90,-22,33,0,11,19,14,-1,0,0,0,-17,-19,-15,25,17,33,0,27,26,36,27,45,28,217,218,187,134,155,85,134,83,104,89,94,83,93,82,104,72,116,74,61,0,51,35,40,0,0,-57,-57,-99,-43,-40,-19,-80,-28,-87,-101,-163,-160,-137,-143,-180,-164,-177,-172,-298,-300,-971,-950,-928,-916]} 1. e4 c5 2. Nf3 Nc6 3. d4 cxd4 4. Nxd4 Nf6 5. Nc3 d6 6. Bc4 Qb6 7. Nb3 e6 8. O-O a6 9. Qe2 (9. Bd3 Be7 10. Be3 Qc7 11. f4 b5 12. Qf3 Bb7 13. Qh3 h5 14. Kh1 Nb4 15. a3 Nxd3 16. cxd3 Rc8 17. Rae1 Qd7 18. Bd4 g6 19. Re2 Rh7 20. Bxf6 Bxf6 21. d4 Kf8 {1-0 (69) Kadric,D (2554)-Vasquez Schroder,R (2495) Sitges 2018}) 9... Be7 10. Qd1 Bf8 {LiveBook: 231 Games} (10... Qc7 $11) 11. Qe2 {B57: Classical Sicilian: Sozin with 6...Qb6} Be7 12. Be3 Qc7 13. Nd4 {The position is equal.} Na5 $146 ({Predecessor:} 13... O-O 14. Bb3 b5 15. Nxc6 Qxc6 16. f3 Bb7 17. a3 Rac8 18. Rfd1 Nd7 19. Bd4 Ne5 20. Kh1 {0-1 (57) Padeiro,J (2213)-Costa,P (2180) Guimaraes 2002}) 14. Bd3 b5 15. f4 Bb7 16. a3 h5 17. h3 Rc8 18. Rad1 Qb8 19. Bf2 Nc4 20. Rb1 $1 Qa8 21. Rfe1 g6 $2 {[#]} (21... Nxb2 $11 {and Black stays safe.} 22. Bxb5+ axb5 23. Qxb5+ {[%mdl 64] Double Attack} Kf8 24. Rxb2 (24. Qxb2 Bxe4 25. Nxe4 Nxe4 $15) 24... Bxe4 25. Nxe4 Nxe4) 22. a4 $1 $18 {[%cal Ra4b5]} b4 23. Bxc4 {Threatens to win with f5.} bxc3 24. Bd3 (24. bxc3 $142 Bxe4 25. Bd3 (25. Bxa6 Rc7 $16)) 24... e5 25. Nf3 (25. bxc3 $142 {Hoping for fxe5.} O-O 26. fxe5 dxe5 27. Nf3) 25... Nd7 $16 26. fxe5 dxe5 27. b4 O-O 28. Kh1 Rfe8 29. Rf1 Rc7 30. Bg3 Bf6 31. Rf2 (31. Nd4 $14) 31... Qc8 (31... a5 $1 $11) 32. Rbf1 Bg7 33. Nh4 Nf8 34. b5 ({White should play} 34. Nf3 $11) 34... axb5 $15 35. Bxb5 Re6 (35... Ree7 $17 36. Nf3 Ne6) 36. Nf3 {[#] And now Ng5 would win.} f6 37. Nh4 (37. Rd1 $11 {keeps the balance.}) 37... Rd6 (37... Qa8 $17) 38. Bd3 (38. Kh2 $11) 38... Ba6 $17 {aiming for ...Bxd3.} 39. Rf3 (39. Bb5 $17) 39... Bxd3 $19 40. Rxd3 Qa6 {...Rxd3 is the strong threat.} 41. Rfd1 Rxd3 42. Qxd3 Qxa4 43. Qd8 (43. Rb1 $142) 43... Qxc2 44. Rd6 $2 (44. Nxg6 Qxd1+ 45. Qxd1) 44... Qb1+ 45. Kh2 c2 {Accuracy: White = 37%, Black = 51%.} 0-1

[Event "17th Delhi GM Open 2019"]
[Site "Delhi"]
[Date "2019.01.12"]
[Round "6"]
[White "Patil, Pratik"]
[Black "Mohammad Nubairshah Shaikh"]
[Result "1/2-1/2"]
[WhiteElo "2161"]
[BlackElo "2437"]
[Annotator "TA"]
[PlyCount "79"]
[EventDate "2019.01.09"]
[EventType "swiss"]
[EventCountry "IND"]
[SourceTitle "playchess.com"]
[Source "ChessBase"]
[SourceQuality "1"]

{[%evp 17,79,29,70,19,39,22,37,24,24,3,18,0,10,0,13,0,0,-11,5,0,5,10,15,0,50,52,53,68,59,27,68,14,285,298,393,388,352,364,363,370,741,736,715,716,695,468,470,458,437,77,70,76,80,0,0,0,64,0,0,0,70,0,0,0]} 1. e4 g6 2. d4 Bg7 3. Nc3 c6 4. Nf3 d6 5. h3 Nf6 6. a4 O-O 7. Be2 Nbd7 8. O-O e5 9. dxe5 dxe5 10. a5 {B08: Pirc Defence: Classical System} (10. Bc4 $14) (10. Qd6 Re8 11. Rd1 Bf8 12. Qd3 a5 13. Bg5 Qb6 14. Nd2 Nc5 15. Qf3 Nh5 16. Nc4 Qc7 17. Qe3 Nf4 18. Bxf4 exf4 {½-½ (54) Stevic,H (2607)-Korobov,A (2698) Dubai 2014}) 10... Qe7 11. Bc4 Nc5 12. Qe2 {White is slightly better.} Ne6 13. Rd1 (13. Nxe5 Nd4 $17) 13... Nh5 14. Bxe6 $146 ({Predecessor:} 14. Be3 Nhf4 15. Qf1 Rd8 16. Rxd8+ Qxd8 {1-0 (47) Silvero,M-Lupis,F (1927) Buenos Aires 2011}) 14... Bxe6 15. Bg5 Qc7 16. Rd2 Rfe8 17. Be3 Nf4 18. Qe1 Bf8 19. Bxf4 exf4 20. e5 Bf5 21. Ne4 $36 {[%mdl 2048] White is more active.} Be7 22. Re2 Rad8 23. Qc1 Rd5 24. Qxf4 (24. a6 $14) 24... f6 $2 {[%mdl 8192] [#]} (24... Bxe4 $1 $11 {and Black has nothing to worry.} 25. Rxe4 Rxa5 26. Rxa5 Qxa5) 25. Nd6 $1 $18 {[%cal Rd6e8][%mdl 512]} Bxd6 26. exd6 {[%mdl 64] Discovered Attack} Qd8 27. Rxe8+ Qxe8 28. c4 Rd3 $2 (28... g5) 29. Re1 Qd8 30. c5 b6 31. Nd4 bxc5 32. Nxc6 (32. Nxf5 gxf5 33. Qc4+ (33. Qxf5 Rxd6 34. Re3 Rd5 $18) 33... Rd5 $18) 32... Qxd6 33. Re8+ $2 (33. Qc4+ $18 Kf8 34. Ne7 (34. Nxa7 Rd1 $16)) 33... Kg7 $16 34. Re7+ Kh8 35. Re8+ (35. Qxd6 $16 Rxd6 36. Rc7 (36. Nxa7 Ra6 $14)) 35... Kg7 $11 36. Re7+ (36. Qxd6 $11 Rxd6 37. Re7+ (37. Nxa7 Ra6 $11) 37... Kf8 38. Rc7) 36... Kh8 $14 37. Re8+ ({White should try} 37. Qxd6 $14 Rxd6 38. Rc7 (38. Nxa7 Ra6 $14)) 37... Kg7 $11 38. Re7+ ({White should play} 38. Qxd6 $11 Rxd6 39. Re7+ (39. Nxa7 Ra6 $11) 39... Kf8 40. Rc7) 38... Kh8 $14 39. Re8+ (39. Qxd6 $14 Rxd6 40. Rc7 (40. Nxa7 Ra6 $14)) 39... Kg7 $11 {[#] ( -> ...Rd1+)} 40. Re7+ {Accuracy: White = 38%, Black = 39%.} 1/2-1/2

[Event "17th Delhi GM Open 2019"]
[Site "Delhi"]
[Date "2019.01.12"]
[Round "6"]
[White "Darpan, Inani"]
[Black "Muthaiah AL"]
[Result "0-1"]
[WhiteElo "2016"]
[BlackElo "2406"]
[Annotator "NA"]
[PlyCount "66"]
[EventDate "2019.01.09"]
[EventType "swiss"]
[EventCountry "IND"]
[SourceTitle "playchess.com"]
[Source "ChessBase"]
[SourceQuality "1"]
[TimeControl "5400+30"]

1. e4 c5 2. Nf3 g6 3. d4 cxd4 4. Qxd4 Nf6 5. Nc3 Nc6 6. Qa4 d6 7. e5 dxe5 8. Nxe5 Qd4 9. Nxc6 Qxa4 10. Nxa4 bxc6 11. Be3 Bg7 12. O-O-O O-O 13. b3 Nd5 14. Bc5 Re8 15. c4 Nb6 16. Nb2 e5 17. f3 e4 18. fxe4 Bg4 19. Re1 Rad8 20. Nd3 Bc3 21. Re3 Nd7 22. Ba3 Nf6 23. e5 Bf5 24. h3 Ne4 25. Bb4 Bxb4 26. Nxb4 Nf2 27. Rg1 Rd1+ 28. Kb2 c5 29. Nd5 Rxd5 30. cxd5 Nd1+ 31. Ka3 Nxe3 32. Bc4 Rxe5 33. g4 Bd7 0-1

[Event "17th Delhi GM Open 2019"]
[Site "Delhi"]
[Date "2019.01.12"]
[Round "6"]
[White "Sri Sai Baswanth P"]
[Black "Sahoo, Utkal Ranjan"]
[Result "1/2-1/2"]
[WhiteElo "1977"]
[BlackElo "2388"]
[Annotator "TA"]
[PlyCount "32"]
[EventDate "2019.01.09"]
[EventType "swiss"]
[EventCountry "IND"]
[SourceTitle "playchess.com"]
[Source "ChessBase"]
[SourceQuality "1"]

{[%evp 14,21,39,37,40,35,53,0,-5,0]} 1. e4 e5 2. Bc4 Nc6 3. Nf3 Nf6 4. d4 exd4 5. Nxd4 Be7 6. Nc3 O-O 7. O-O d6 8. Bf4 {LiveBook: 11 Games} Bd7 {C50: Hungarian Defence and Giuoco Pianissimo} 9. Re1 Ne5 (9... a6 10. a4 Re8 11. h3 h6 12. Nf3 Bf8 13. a5 Ne5 14. Bb3 Ng6 15. Bh2 Be6 16. Bxe6 Rxe6 {½-½ (31) Vajda,L (2569)-Bryzgalin,K (2460) Pardubice 2014}) 10. Bxe5 ({White should try} 10. Bb3 $14) 10... dxe5 $11 11. Nf3 {Predecessor:} Bd6 $146 12. Qd2 Qe7 13. Rad1 Bg4 14. Re3 Bc5 15. Rd3 Bxf3 16. Rxf3 c6 {0-1 (58) Nemeth,A (1853)-Szuliman,G (2079) Hungary 2008} 1/2-1/2